|
|
|
|
| LEADER |
01257nam a22003017a 4500 |
| 001 |
33271 |
| 003 |
BD-DhAAL |
| 005 |
20250625120210.0 |
| 008 |
180708t2005 enka|||| b||| 001 0 eng d |
| 020 |
|
|
|a 1856752267
|
| 020 |
|
|
|a 9781856752268
|
| 040 |
|
|
|a BD-DhAAL
|d BD-DhAAL
|
| 082 |
|
|
|a 720.47
|2 21
|
| 100 |
|
|
|a Pearson, David.
|9 26756
|
| 245 |
|
|
|a In search of natural architecture /
|c David Pearson.
|
| 260 |
|
|
|a London :
|b Gaia Books,
|c c2005.
|
| 300 |
|
|
|a 159 pages :
|b chiefly color illustrations ;
|c 27 cm.
|
| 504 |
|
|
|6 Includes bibliographical references (pages 157-158) and index
|
| 505 |
|
|
|a Ancestral archetypes -- Healing architecture -- Harmony with the land -- Vernacular -- Cultural identity -- Living the dream.
|
| 526 |
|
|
|a ARC
|
| 541 |
|
|
|a Department of Architecture
|e 33271
|
| 650 |
|
|
|a Sustainable architecture.
|9 26757
|
| 650 |
|
|
|a Architecture
|x Environmental aspects.
|9 26758
|
| 650 |
|
|
|a Architecture.
|
| 852 |
|
|
|a Department of Architecture
|c General Stacks
|
| 942 |
|
|
|2 ddc
|c BK
|
| 999 |
|
|
|c 39614
|d 39614
|
| 952 |
|
|
|0 0
|1 0
|2 ddc
|4 0
|6 720_470000000000000_PEA
|7 0
|9 63632
|a BRACUL
|b BRACUL
|c GEN
|d 2018-07-08
|e Department of Architecture
|l 0
|o 720.47 PEA
|p 3010033271
|r 2018-07-08
|t 1
|w 2018-07-08
|y BK
|x Transferred from ARC to BRACUL on 28/12/2023
|